00271nam a2200121Ia 4500100001600000650002700016654001700043245003200060260002800092082000900120300000800129546001200137 aRoth/ C.H.  aElectrical Engineering aLogic Design aFundamentls of Logic Design bJaico PubaBombayc1994 a4.66 a770 aENGLISH